000 00405nam a2200169Ia 4500
001 22336
005 20260414150824.0
008 260414t2013||||xx |||||||||||||| ||spa||
041 _aESP
082 _a621.317
_bR47
100 _aReyes Cortés, Fernando
_eAUT
245 0 _aMecatrónica :
_bcontrol y automatización
260 _c2013
650 _aTCA
654 _aCET
942 _cLIB
_dJUS
_fJUS
_2ddc
_n
999 _c22336
_d22336